Business economics
Сохранить в:
| Главный автор: | |
|---|---|
| Формат: | |
| Опубликовано: |
IBA
Sultan Chand &Sons
c1993
|
| Редактирование: | 2nd edition |
| Предметы: | |
| Метки: |
Добавить метку
Нет меток, Требуется 1-ая метка записи!
|
MARC
| LEADER | 00000nam a2200000 4500 | ||
|---|---|---|---|
| 020 | |a NA |c TZS 5000 | ||
| 040 | |a MUL |b eng |e AACR | ||
| 082 | |a 338.7 DHI | ||
| 100 | |a Dhingra,L.C | ||
| 245 | |a Business economics |c / L.C Dhingra | ||
| 250 | |a 2nd edition | ||
| 260 | |a IBA |b Sultan Chand &Sons |c c1993 | ||
| 300 | |a [v], 432 p. ; |b ill. ; |c 20 cm | ||
| 504 | |a Includes index | ||
| 650 | |a Economics | ||
| 942 | |c BK | ||
| 999 | |c 8723 |d 8723 | ||